Super Mario Odyssey Captures - Picture Quiz - Statistics

General Stats
  • This quiz has been taken 164 times
  • The average score is 18 of 24
Answer Stats
Picture Answer % Correct
Bowser
98%
Bullet Bill
94%
Frog
94%
Goomba
94%
Chain Chomp
93%
Yoshi
92%
Cheep Cheep
89%
T-Rex
88%
Fire Bro
87%
Lakitu
86%
Coin Coffer
83%
Piranha Plant
77%
Tropical Wiggler
68%
Chargin' Chuck
67%
Glydon
67%
Moe-Eye
67%
Gushen
65%
Pokio
65%
Parabones
63%
Lava Bubble
61%
Uproot
59%
Binoculars
58%
Ty-foo
49%
Jizo
41%
No matching quizzes found
Score Distribution
Percent of People with Each Score
Percentile by Number Answered
Your Score History
You have not taken this quiz